Govt. of
Madhya Pradesh

A Self Guide To Acupressure (Record no. 64898)

MARC details
000 -LEADER
fixed length control field 00264nam a2200109Ia 4500
008 - FIXED-LENGTH DATA ELEMENTS--GENERAL INFORMATION
fixed length control field 221009s9999 xx 000 0 und d
082 ## - DEWEY DECIMAL CLASSIFICATION NUMBER
Classification number 610KUM
100 ## - MAIN ENTRY--PERSONAL NAME
Personal name Rajeev Kumar
9 (RLIN) 22463
245 #2 - TITLE STATEMENT
Title A Self Guide To Acupressure
260 ## - PUBLICATION, DISTRIBUTION, ETC. (IMPRINT)
Name of publisher, distributor, etc. Calvin Publishing
942 ## - ADDED ENTRY ELEMENTS (KOHA)
Koha item type Books

No items available.